Sports Quiz

Random Sports or Soccer Quiz

Top 100 UEFA Clubs Quiz Stats

 Plays Quiz Updated Jun 5, 2018

Challenge
Share
Tweet
Embed
Score 0/100 Timer 10:00
42 Plays Today
Rank Club % Correct
4FC Barcelona
98.5%
1Real Madrid CF
98.1%
12Manchester United FC
97.5%
13Chelsea FC
96.7%
3FC Bayern Munich
95.7%
9Arsenal FC
95%
53AC Milan
92.4%
22Liverpool FC
90.6%
83FC Internazionale Milano
90.3%
8Manchester City FC
89.7%
11FC Porto
88.4%
5Juventus FC
87.1%
19Tottenham Hotspur FC
83.7%
7Paris Saint-Germain FC
82.5%
31AFC Ajax
82.3%
10Borussia Dortmund
81.8%
41Valencia CF
81.8%
25Olympique Lyonnais
80.5%
15SL Benfica
79.6%
21AS Roma
74.8%
2Club Atlético Madrid
74.7%
46Olympique de Marseille
70.1%
37Sporting Clube de Portugal
68.7%
47Celtic FC
68%
6Sevilla FC
67.5%
24FC Schalke 04
66.1%
40PSV Eindhoven
65.2%
17SSC Napoli
64.7%
23FC Dynamo Kyiv
64.6%
16FC Zenit
64.4%
80Everton FC
60.7%
35PFC CSKA Moscow
60.5%
29Olympiacos FC
60%
20Bayer 04 Leverkusen
59%
Rank Club % Correct
36SS Lazio
58.9%
51Galatasaray SK
58.7%
85FC Dinamo Moskva
58.3%
34Athletic Club
57.9%
27AS Monaco FC
57%
18FC Basel
54.8%
48Sporting Clube de Braga
52.7%
33RSC Anderlecht
51.5%
68Feyenoord
51.3%
38VfL Wolfsburg
48.7%
14FC Shakhtar Donetsk
47.9%
87West Ham United
45.3%
30ACF Fiorentina
44.7%
66Leicester City FC
44.5%
26Beşiktaş JK
42.6%
43FC København
41.5%
89Swansea City AFC
40.5%
61Fenerbahçe SK
39.8%
32Villarreal CF
38.1%
86Southampton FC
35.2%
77Dinamo Zagreb
34.1%
59Legia Warsaw
31.8%
52Borussia Mönchengladbach
31.4%
58AZ
31.4%
42AC Sparta Prague
31.2%
28FC Salzburg
30.9%
94UC Sampdoria
30.5%
71RC Celta de Vigo
29.8%
56KAA Gent
29.3%
70Real Sociedad
29.3%
57KRC Genk
29.2%
96Udinese Calcio
28.3%
100TSG 1899 Hoffenheim
27.4%
50Club Brugge KV
27.2%
Rank Club % Correct
74BSC Young Boys
26.8%
55APOEL FC
26.7%
991. FC Köln
26.3%
95Torino FC
25.8%
82FK Austria Wien
25.3%
69SK Rapid Wien
24.7%
84FC Rubin Kazan
24.1%
92Atalanta BC
24%
65Maccabi Tel-Aviv FC
24%
72Real Betis Balompié
23.9%
98Hertha BSC Berlin
23.7%
54FC Steaua Bucureşti
23.3%
63FC Lokomotiv Moscow
22.2%
67FC Astana
21.6%
75FC BATE Borisov
20%
78RB Leipzig
19.4%
79FK Partizan
19.4%
60AS Saint-Étienne
18.3%
49PAOK
17.5%
44FC Dnipro Dnipropetrovsk
17.4%
45FC Viktoria Plzeň
17.1%
73Qarabağ FK
16.4%
76Trabzonspor AS
15.9%
39PFC Ludogorets Razgrad
13.4%
93US Sassuolo Calcio
13.3%
64NK Maribor
13.3%
90Wigan Athletic FC
9.4%
62FC Krasnodar
7.9%
88Hull City AFC
7.8%
91HNK Rijeka
7.6%
97FC Sheriff
5.6%
81FC Slovan Liberec
3.7%

You're not logged in!

Compare scores with friends on all Sporcle quizzes.
Join for Free
OR
Log In

You Might Also Like...

Show Comments

Extras

Top Quizzes Today


Score Distribution

Your Account Isn't Verified!

In order to create a playlist on Sporcle, you need to verify the email address you used during registration. Go to your Sporcle Settings to finish the process.

Report this User

Report this user for behavior that violates our Community Guidelines.

Details: